[Event "FRA-chT4 0506"]
[Site "Bretagne"]
[Date "2006.02.05"]
[Round "5"]
[White "Moricel, Julien"]
[Black "Le Lostec, Nicolas"]
[Result "1-0"]
[WhiteElo "1570"]
[BlackElo "1390"]
[PlyCount "75"]
[EventDate "2005.10.16"]
[EventType "team-tourn"]
[EventRounds "7"]
[EventCountry "FRA"]
[SourceTitle "EXT 2007"]
[Source "ChessBase"]
[SourceDate "2006.11.23"]
[SourceVersion "1"]
[SourceVersionDate "2006.11.23"]
[SourceQuality "1"]

1. d4 d5 2. c4 dxc4 3. Nc3 c5 4. e3 Nf6 5. Bxc4 Bf5 6. Qb3 e6 7. Qxb7 Nbd7 8. Nb5 Qb6 9. Qxb6 Nxb6 10. Nc7+ Kd8 11. Nxa8 Nxc4 12. b3 Na5 13. Bd2 Nb7 14. Rc1 Kd7 15. dxc5 Bxc5 16. Nf3 Rxa8 17. Bc3 Ke7 18. 0-0 g6 19. Bb4 Ne4 20. Bxc5+ Nbxc5 21. Ng5 Nxg5 22. Rxc5 Rd8 23. f3 Bd3 24. Rd1 Kf6 25. h4 Nxf3+ 26. gxf3 e5 27. Rc3 e4 28. fxe4 Re8 29. Rdxd3 Rxe4 30. Rc4 Ke5 31. Rxe4+ Kxe4 32. Rd7 f5 33. Rxh7 Kxe3 34. Rg7 Ke2 35. Rxg6 f4 36. Rf6 f3 37. h5 f2+ 38. Rxf2+ 1-0